000 00525nam a2200169 4500
001 116888
003 ES-MaACL
005 20230906190803.0
007 t|
008 061121s1942 sp r ||||1| spa d
100 0 _aPavón Isern, Rafael.
_989687
245 1 0 _aElectrotecnia de la alta frecuencia /
_cpor Rafael Pavon Isern.
260 _aMadrid :
_bVictoriano Suárez,
_c1942.
300 _a2 t. :
_bil. ;
_c25 cm.
500 _aContiene: t. I: Circuitos ; t. II: Electrónica.
852 _aES-MaACL
_jC-4470-71
_bR.25081
999 _c116888
_d116888